Experimental study of flow around axisymmetric bodies in supersonic flow in case of a local injection into the boundary layer; MATEC Web of Conferences; Vol. 115 : XXXIII Siberian Thermophysical Seminar (STS-33)

Bibliografske podrobnosti
Parent link:MATEC Web of Conferences
Vol. 115 : XXXIII Siberian Thermophysical Seminar (STS-33).— 2017.— [02012, 4 p.]
Korporativna značnica: Национальный исследовательский Томский политехнический университет (ТПУ) Энергетический институт (ЭНИН) Кафедра атомных и тепловых электростанций (АТЭС)
Drugi avtorji: Maslov E. A. Evgeny Anatolievich, Zharova I. K., Kozlov Е., Faraponov V. V., Savkina N., Zolotorev N., Matskevich V.
Izvleček:Title screen
A technique of experimental determination of the parameters and structure of supersonic air flow around of axisymmetric bodies form in the range of Mach numbers M = (2 ч 5) are presented. The results of the investigation of the interaction a supersonic stream flowing around of an axisymmetric model with gas jet which inject into the boundary layer are given.
Jezik:angleščina
Izdano: 2017
Serija:Chapter 2 :Turbulent flows, heat and mass transfer in single-phase flows, heat transfer enhancement
Teme:
Online dostop:https://doi.org/10.1051/matecconf/201711502012
Format: Elektronski Book Chapter
KOHA link:https://koha.lib.tpu.ru/cgi-bin/koha/opac-detail.pl?biblionumber=655598

MARC

LEADER 00000naa2a2200000 4500
001 655598
005 20250913165557.0
035 |a (RuTPU)RU\TPU\network\21840 
090 |a 655598 
100 |a 20170918d2017 k||y0rusy50 ba 
101 0 |a eng 
135 |a drcn ---uucaa 
181 0 |a i  
182 0 |a b 
200 1 |a Experimental study of flow around axisymmetric bodies in supersonic flow in case of a local injection into the boundary layer  |f E. A. Maslov [et al.] 
203 |a Text  |c electronic 
225 1 |a Chapter 2 :Turbulent flows, heat and mass transfer in single-phase flows, heat transfer enhancement 
300 |a Title screen 
320 |a [References: 4 tit.] 
330 |a A technique of experimental determination of the parameters and structure of supersonic air flow around of axisymmetric bodies form in the range of Mach numbers M = (2 ч 5) are presented. The results of the investigation of the interaction a supersonic stream flowing around of an axisymmetric model with gas jet which inject into the boundary layer are given. 
461 1 |0 (RuTPU)RU\TPU\network\4526  |t MATEC Web of Conferences 
463 1 |t Vol. 115 : XXXIII Siberian Thermophysical Seminar (STS-33)  |o Novosibirsk, Russia, June 6-8, 2017  |o [proceedings]  |f Siberian Branch of the Russian Academy of Sciences (SB RAS) ; ed. S. V. Alekseenko  |v [02012, 4 p.]  |d 2017 
610 1 |a электронный ресурс 
610 1 |a труды учёных ТПУ 
610 1 |a экспериментальные исследования 
610 1 |a осесимметрические тела 
610 1 |a сверхзвуковые потоки 
610 1 |a пограничные слои 
610 1 |a локальность 
701 1 |a Maslov  |b E. A.  |c specialist in the field of power engineering  |c Associate Professor of Tomsk Polytechnic University, Candidate of physical and mathematical sciences  |f 1982-  |g Evgeny Anatolievich  |3 (RuTPU)RU\TPU\pers\34319 
701 1 |a Zharova  |b I. K. 
701 1 |a Kozlov  |b Е. 
701 1 |a Faraponov  |b V. V. 
701 1 |a Savkina  |b N. 
701 1 |a Zolotorev  |b N. 
701 1 |a Matskevich  |b V. 
712 0 2 |a Национальный исследовательский Томский политехнический университет (ТПУ)  |b Энергетический институт (ЭНИН)  |b Кафедра атомных и тепловых электростанций (АТЭС)  |3 (RuTPU)RU\TPU\col\18683 
801 2 |a RU  |b 63413507  |c 20170920  |g RCR 
856 4 |u https://doi.org/10.1051/matecconf/201711502012 
942 |c CF